000 00507nam a2200181Ia 4500
005 20250326123509.0
008 250326s9999 xx 000 0 und d
037 _aTextbook
040 _aFMSL
_beng
_cFMSL
041 _aeng
_2eng
084 _aX:9 P5
_qFMSL
100 _aLeopold J
_9735309
245 0 _aStrategic managing of human resource
_cLeopold J And Others
260 _aLondon
_bLondon, FT Prentice Hall
_c2005
300 _a544p
942 _cTB
_hX:9 P5
999 _c1269623
_d1269623